1396 1645 1864 1928 1165 1069 1350 1208 1472 1529 1348 1861 1567 1961 1353 1018 1176 1340 1584 1336 1979 1172 1905 1032 1412 1437 1030 1945 1405 1483 1374 1507 1164 1590 1115 1497 1331 1422 1050 1612 1015 1223 1347 1644 1073 1510 1629 1998 1865 1542 1513 1073 1709 1079 1951 1222 1740 1011 1614 1839 1783 1134 1366 1205 1720 1210 1786 1077 1780 1255 1847 1696 1924 1673 1362 1225 1861 1556 1492 1457 1508 1445 1953 1790 1679 1463 1523 1112 1867 1985 1297 1374 1569 1385 1692 1273 1511 1494 1241 BCNSPRNW ULIB Ver.6.0+V

เปลี่ยนเป็นภาษาไทย

Change to English
 แสดงรายละเอียดบรรณานุกรม
  กลับหน้าหลัก

Brief Record : Get Marc (ISO 2709) : E-mail record : QR code < ปิดหน้าต่าง
LEADER : 00000nam 2200000uu 4500
001    13399112786
003     ULIB
008    110908s2533||||th 000 0 tha d
020    9746132741 (ล.2)
050  4 BL2075^bส747อ ล.2 2548
110 2  มหาวิทยาลัยสุโขทัยธรรมาธิราช
245 10 ความเชื่อและศาสนาในสังคมไทย หน่วยที่ 8-15=^bBeliefs and religions in Thai society /^cมหาวิทยาลัยสุโขทัยธรรมาธิราช
246 31 Beliefs and religions in Thai society
250    พิมพ์ครั้งที่ 6
260    นนทบุรี :^bสำนักพิมพ์มหาวิทยาลัยสุโขทัยธรรมาธิราช,^c2533
300    2 ล. ;^c30 ซม.
500    เอกสารการสอนชุดวิชา 12304 หน่วยที่ 1-7, 8-15 -- หน้าปกใน
650  4 ความเชื่อ
650  4 ศาสนา^xไทย
650  4 ศาสนากับสังคม
945    ^p0^l0^i018586
995    ทศพร
999 ^a ทศพร
รายการนี้ยังไม่มีแท็ก
คุณยังไม่ได้ล็อกอิน คุณสามารถมีกิจกรรมร่วมกับเว็บไซต์ได้ แต่ต้องล็อกอินก่อน ::
  ล็อกอิน

รายการสื่อสารสนเทศ

ลำดับที่ ประเภท เลขเรียก/บาร์โค้ด สถานที่ สถานะ
- ไม่พบข้อมูล -

รายการใกล้เคียง
    หัวเรื่อง [ความเชื่อ]
    หัวเรื่อง [ศาสนากับสังคม]

BibComment


ยังไม่เคยถูกคอมเมนท์

คอมเมนท์ทรัพยากรรายการนี้
  คอมเมนท์: ความเชื่อและศาสนา..


 Copyright 2026. Bcnsprnw @Library